Responses for show #2903 - Wednesday, March 26, 1997

Contestants

[<< previous game]

Scott Masters, a high school teacher from Toronto, Ontario Canada

Joel Rayburn, an Army captain originally from Crescent, Oklahoma

Matt Radulski, an industrial repair representative from Branford, Connecticut (whose 1-day cash winnings total $7,500)

[next game >>]

Jeopardy! Round responses

1930
ANIMAL SONGS
WORLD TRAVEL
SCIENCE
BUSINESS & INDUSTRY
CRADLES
    $100 2
Amelia Earhart

Joel
    $100 15
Fish

Matt
    $100 9
Casablanca

Scott
    $100 1
Xenon

Scott
    $100 17
(S: What is Nabisco?)

General Mills

MattScott
    $100 22
Telephone

Matt
    $200 3
Hostess Twinkies

Matt
    $200 30
"The Lion Sleeps Tonight"

Joel
    $200 10
Bahamas

Scott
    $200 4
Fructose

Matt
    $200 18
Morton (Thiokol)

Matt
    $200 23
The Alamo

Matt
    $300 6
Windsor, Ontario

Scott
    $300 29
"Blackbird"

Joel
    $300 11
Vancouver

Scott
    $300 5
Atoll

Scott
    $300 19
Toys "R" Us

Scott
    $300 24
(J: What is Memphis?)

New Orleans

JoelScott
    $400 7
Georgia On My Mind

Joel
    $800 28
(S: What is a dog?)

"(The old) grey goose (is dead)"

Scott
    $400 12
Norway

Matt
    $400 14
Smallpox

Joel
    $400 20
Price Waterhouse

Triple Stumper
    $400 25
Tigris & Euphrates

Scott
    $500 8
(Alex: And don't say Judge Wapner!)

Joseph F. Crater

Triple Stumper
    $500 27
Wild horses

Scott
    $500 13
Wenceslas

Matt
    $500 16
Tropic of Cancer & Tropic of Capricorn

Matt
    $500 21
(M: Who is CVS?)

Walgreens

Matt
Triple Stumper
    $500 26
(J: What is Richmond?)
(less than a minute to go....)

Montgomery, Alabama

MattJoel

Scores at the first commercial break (after clue 15):

Matt Joel Scott
$1,400 $900 $1,300

Scores at the end of the Jeopardy! Round:

Matt Joel Scott
$2,500 $600 $1,900

Double Jeopardy! Round responses

SECOND-LARGEST U.S. CITIES
AWARDS
YOUTH ORGANIZATIONS
COMEDY FILMS
BRITISH MONARCHS
"OLD" LIT
    $200 13
Pittsburgh

Scott
    $200 18
"Buffalo Bill" Cody

Joel
    $200 6
4-H

Matt
    $200 9
Robin Williams

Joel
    $200 1
Buckingham Palace

Joel
    $400 14
St. Paul

Scott
    $400 7
(M: What is Reserve Officer Training Corps?)

Reserve Officers Training Corps

Matt
Triple Stumper
    $400 10
Mel Brooks

Matt
    $400 2
Richard the Lionhearted (Richard I)

Scott
    $600 15
Tulsa

Joel
    $600 27
[The end-of-round signal sounds.]

Willy Brandt

Scott
    $600 8
Little League

Joel
    $600 19
Bringing Up Baby

Triple Stumper
    $600 3
James I

Scott
    $600 25
The Old Curiosity Shop

Triple Stumper
    $800 16
(J: no response)

Eugene

JoelScott
    $800 22
Evangeline Booth

Triple Stumper
    $1,000 11
Junior Achievement

Matt
    $800 20
Private Benjamin

Scott
    $800 4
Brighton

Joel
    $800 23
Old Possum

Joel
    $1,500 17
Great Falls

Scott
    $1000 26
Bruce Catton

Matt
    $1000 12
DeMolay

Triple Stumper
    $1000 21
(we have a minute to go...)

The Gods Must Be Crazy

Scott
    $1000 5
(J: Who is Wallis Simpson?)

Lady Jane Grey

MattJoel
    $1000 24
The Oldest Living Confederate Widow

Joel

Scores at the end of the Double Jeopardy! Round:

Matt Joel Scott
$5,700 $3,200 $8,200

[wagering suggestions for these scores]

Final Jeopardy! Round responses

20th CENTURY LEADERS
JoelWho was Gandhi?
$2,501
MattWho is Kruger?
$2,600
ScottWho is Churchill?
$3,201
Mahatma Gandhi

Final scores:

Matt Joel Scott
$3,100 $5,701 $4,999
3rd place: Ducane 2004SS Gas Grill New champion: $5,701 2nd place: Softub Portable Spa & Lloyd Flanders Patio Furniture

Game dynamics:

Coryat scores:

Matt Joel Scott
$5,500 $3,200 $8,500
16 R
(including 1 DD),
2 W
13 R,
4 W
19 R
(including 1 DD),
2 W
(including 1 DD)

Combined Coryat: $17,200

The J! Archive is created by fans, for fans. The Jeopardy! game show and all elements thereof, including but not limited to copyright and trademark thereto, are the property of Jeopardy Productions, Inc. and are protected under law. This website is not affiliated with, sponsored by, or operated by Jeopardy Productions, Inc. Join the discussion at JBoard.tv.